MDQL
is popping MORE tags! Check the
thread
!
Quizzes
Events
Quiz Creation
Community
Videos
Private Events
Remove Ads
Sign In
Join for FREE
Feedback
Dark Mode
Quiz Categories
Sports
Geography
Music
Movies
Television
Just For Fun
Miscellaneous
History
Literature
Language
Science
Gaming
Entertainment
Religion
Holiday
For Kids
Quiz Lab
Recent
Popular Today
Quiz Kudos Today
Editor Picks
Curator Picks
Quizzes by...
Day
Popularity
Type
Ratings
Length
Year
Community
Subscriptions
Recent Discussions
Orange Saloon
Badges
Playlists
Quests
Create
Leaderboards
Showdown
Live 5
Trivia Bingo
Activity
Puzzle Library
Sporcle Events
Private Events
Virtual Trivia
Globe League
Become a Host
Pub Owners
SporcleCon
Opinionation
Our Games
Videos
Blog
Mobile Apps
Partnerships
Remove Ads and Go Orange
Feedback
Entertainment
Celebrity
Famous
Musical
Broadway
Show
Quote
Comic Books
Anime
Superhero
DC Comics
Marvel
Cartoons
Animation
Entertainment
Celebrity
Famous
Musical
Broadway
Show
Quote
Comic Books
Anime
Superhero
DC Comics
Marvel
Cartoons
Animation
Random Quiz
Search Sporcle
×
Quiz Lab
Quiz Lab
Entertainment
Word Ladder
Type in answers that appear in a list
Type in answers that appear in a list
Classic
Best Score? Go Orange.
Walking Dead Word Ladder Stats
Can you name the Walking Dead Word Ladder
By
coffeehousemt
6m
31 Questions
338 Plays
338 Plays
338 Plays
Comments
Comments
Give Quiz Kudos
Give Quiz Kudos
-
- Ratings
hide this ad
Replay
Link that replays current quiz
Next Quiz
Link to next quiz in quiz playlist
You Got
0%
They Got
Avg Score
63%
Avg Friend Score
Upgrade to see
Score Distribution
Jump to the score distribution portion of the page
Score
0/31
Timer
06:00
0
Plays Today
Walking Dead clue
Answer
% Correct
Name of show +ing and rung 31
Walk
90%
leader of the group
Rick
83.1%
Hershel's youngest daughter
Beth
83.1%
When the prison falls, 'Don't look . . .'
back
79.8%
what Chris Harwick does after
talk
77.3%
Shot by her son after giving birth to a baby girl
Lori
77%
Eats a giant can of pudding all by himself (Rick's son)
Carl
76.4%
Name of the show with rung 1
Dead
75.8%
Who escapes from the farm: Beth or Maggie?
both
73.1%
Beth plays the piano and may know songs by this German composer
bach
71.9%
Gabriel prays to him
lord
68%
In season four, half the prison is . . .
sick
65.6%
the Governor finds a walker here while looking for backgammon
bath
65.3%
the other blood sucking thing in the woods
tick
64.7%
Lily's sister who escapes the prison with Glenn
Tara
62.8%
sharp and pointy but a terrible weapon
tack
60.4%
Walking Dead clue
Answer
% Correct
Rick strangles a Claimer in the bathroom with his gun strap but could have used a hair dryer . . .
cord
60.4%
Amy and Andrea fish together and try to catch these freshwater fish
carp
59.8%
Instead of using these, Daryl makes a necklace of ears
bead
58%
What Merle does to Glenn in Woodbury
beat
57.1%
After losing a leg, Bob only needs one . . .
sock
56.2%
Beth and Daryl drank moonshine instead of this dark beer
bock
55.3%
The amount of walkers in a herd
lots
55.3%
There are multiple ames based on the show that use these
card
53.8%
Laughing on the Inside acronym-
-
how Carl responds to Michonne's jokes
loti
53.2%
Terminus residents keep their kill room clean with this
tarp
52.6%
a sweet dessert Carol could make with the pecans
tart
50.5%
this group of people prefer vampires to zombies
goth
49.5%
Leaving the fire and drunk on moonshine, Daryl might have said, 'We . . .. to go.'
gots
48.9%
Ernie's friend that Judith will never know
Bert
44.7%
We may see what happens to this San Fran train in the spin-
off
BART
40.8%
Quiz Playlist
Details
Report
Send in Message
Add To Playlist
Classic:
Type in answers that appear in a list
Last Updated: Sep 14, 2017
Quiz Scoreboard
CHALLENGE
Sign Up to Join the Scoreboard
Show All
Scores
Hide
Comments
May contain spoilers
Recently Published
5x2 Blitz: Bands
by SL_Kpop136
Music
30s
Colored Red Africa Blitz
by spor1
Geography
30s
Find the 'City' Movie
by crazypaving
Movies
60s
More to Explore
Quiz From the Vault
Featured Blog Post
14 Easter Pick-up Lines to Find Eggs With
hide this ad
You Might Also Like...
Tags
Word Ladder Quiz
dead
The Walking Dead
Walking
Today's Top Quizzes in Entertainment
Browse Entertainment
hide this ad
Today's Top Quizzes in Word Ladder
Browse Word Ladder
Top Contributed Quizzes in Entertainment
1
Dragon Ball Z: Goku's Fights in Order
2
Marvel Classic Character Map
3
Marvel Characters Bunker
4
JoJo's Bizarre Logic Quiz
5
This is Your Life: Edward Elric
6
BOYS PLANET Quiz
7
Celebrity Spelling Bee
8
This is Your Life: Itachi Uchiha
9
One Piece Heroines Chapter Cover
10
Survivor Winners Logic Quiz
Explore More
Trending Topics
NBA
Anime
Kpop
Disney
Marvel
Crossword
Harry Potter
The Office
Song
NFL
Country
Soccer
Puzzle
Pokémon
WWE
hide this ad
More By:
coffeehousemt
Quiz
Plays
Rating
Category
Featured
Created
Mystery Radiohead Lyrics
958
4.29
Music
Nov 27, 2012
Walking Dead Word Ladder
338
2.67
Entertainment
Jan 1, 2015
Names by Occupation
17
Just For Fun
Jan 8, 2015
Go to Creator's Profile
Score Distribution
Quiz Creator Spotlight
coffeehousemt
Follow
Send a Message
Quizzes Created
-
Created Quiz Play Count
-
More By This Creator
Popular Quizzes Today
1
Colored Red Africa Blitz
2
Find the 'City' Movie
3
Find the US States - No Outlines Minefield
4
5x2 Blitz: Bands
5
The Countries of the World
6
Find the US States
7
US States
8
Find the Countries of Europe - No Outlines Minefield
More Entertainment Quizzes
Hunter X Hunter 13-1 2
Quiz Lab
Trending Quizzes
Colored Red Europe Blitz I
Colored Red Africa Blitz II
Colored Red Europe Blitz II
Colored Red Europe Blitz III
Colored Red Africa Blitz III
Recently Updated
How Do You Spell That?
pecheneg
Godzilla Movies
pecheneg
Grab Bag: 4-10 Letters
pecheneg
2024 March Madness Bracket
pecheneg
Famous TV Couples
Peacemaker
Champions League XIs: Real Madrid
pecheneg
Largest US Cities 1790-2010
pecheneg
Rides in Walt Disney World
pecheneg
Most Oscar Losses (Acting)
pecheneg
Beyoncé Albums
pecheneg
Trending Topics
Crossword
Marvel
NBA
Kpop
Harry Potter
Anime
Disney
Soccer
NFL
Puzzle
Country
WWE
Song
Pokémon
The Office
Your Account Isn't Verified!
In order to create a playlist on Sporcle, you need to verify the email address you used during registration. Go to your
Sporcle Settings
to finish the process.
Report this User
Report this user for behavior that violates our
Community Guidelines
.
Details:
Send Report
Go to the Sporcle.com Mobile Site →
Comments